Bienvenue à la Médiathèque de Saint-Andiol
banniere
Accueil Recherche avancée Mon compte
handi1 Rechercher dans le catalogue

Filtre   Mots-clés
  Recherche avancée
 
Lister les dernières nouveautés
 
Lister les livres GROS CARACTERES
 
Lister les périodiques (magazines)

handi1 Secrets de famille

Book Cover
Auteur principal : Nob
Titre : Secrets de famille
Support : Livres
Langue : Francais
Publié : DL 2015 Dupuis Paris
Series : Dad
Genre : Bande Dessinée (enfants)
Collection : Dad
Sujets :
Étiquettes :
Pas de tags
LEADER 01047nam0a2200217 450
001 16868365
010 |a 978-2-8001-6426-7  |b rel.  |d 12,95 € 
100 |a 20260529d2026 u u0frey01 ba 
101 0 |a fre 
102 |a BE 
200 0 |a Secrets de famille  |f Nob 
207 1 |a   
210 |a Paris  |b 57, bd de La Villette  |c Dupuis  |d DL 2015 
215 |a 1 vol. (46 p.)  |c ill. en coul.  |d 30 cm 
225 1 |a Dad  |v 2 
330 |a La vie continue pour cette famille pas comme les autres ! L'aînée Pandora révise ses examens, l'adolescente Ondine se prépare pour un rendez-vous, la jeune Roxane joue aux jeux vidéo, Bébérenice réclame à manger... et Dad aimerait bien pouvoir être enfin un peu tranquille. Car ce comédien au chômage, père aimant mais éternel adolescent, élève seul ses quatre filles, et ce n'est pas de tout repos ! 
461 0 |t Dad  |v 2 
700 0 |a Nob  |f 1973-....  |4 70 
900 |a Bande Dessinée (enfants) 
901 |a Jeunesse 
995 |a Médiathèque  |c Médiathèque  |f 089021925  |h 089021925  |k BD DAD  |o p  |q j  |r az  |e Médiathèque